000 00331nam a2200145Ia 4500
008 150201s2006 xx 000 0 und d
082 _a618.92
_bV06G
100 _aGUPTA, LC
245 _aVIVA IN PEDIATRICS
250 _a2ND
260 _bJAYPEE BROTHERS
_aDELHI
_c2006
300 _a1-267
650 _aPAEDIATRICS
942 _2ddc
_cBK
999 _c61
_d61